| 000 | 00347nam a2200145Ia 4500 | ||
|---|---|---|---|
| 008 | 150201s2005 xx 000 0 und d | ||
| 082 |
_a617.692 _bD2005M |
||
| 100 | _aMISCH,CARL.E. | ||
| 245 | _aDENTAL IMPLANT PROSTHETICS | ||
| 250 | _a1ST | ||
| 260 |
_bMOSBY _aNEW DELHI _c2005 |
||
| 300 | _a1-626 | ||
| 650 | _aPROSTHODONTICS | ||
| 942 |
_2ddc _cBK |
||
| 999 |
_c3155 _d3155 |
||